=LDR 00000nam 2200000 4500 =001 INLIS000000000045990 =005 20150212135442.0 =006 =007 =008 =035 ##$$0010-021500000000550 =082 ##$$a 372.83 =100 ##$$a susilaningsih, endang =245 ##$$a ilmu pengetahuan sosial untuk SD/MI kelas 5 =250 ##$$a pertama =260 ##$$a jakarta $b Dep. Dik Nas $c 2008 =300 ##$$a 228 hal =990 ##$$a 0001/BPAP-NTB/20142015